1920 1139 1458 1527 1946 1919 1135 1349 1257 1889 1806 1478 1231 1770 1034 1403 1030 1776 1100 1200 1172 1388 1564 1752 1100 1560 1197 1586 1215 1119 1965 1204 1064 1483 1282 1210 1801 1763 1335 1185 1155 1342 1784 1781 1283 1249 1422 1242 1433 1651 1408 1171 1459 1574 1449 1231 1505 1956 1500 1287 1637 1030 1990 1545 1997 1139 1057 1613 1244 1311 1946 1296 1114 1739 1990 1398 1562 1685 1701 1975 1426 1101 1424 2000 1902 1361 1854 1298 1910 1583 1062 1525 1410 1176 1440 1808 1265 1349 1624 BCNSPRNW ULIB Ver.6.0+V

เปลี่ยนเป็นภาษาไทย

Change to English
 แสดงรายละเอียดบรรณานุกรม
  กลับหน้าหลัก

Brief Record : Get Marc (ISO 2709) : E-mail record : QR code < ปิดหน้าต่าง
LEADER : 00000nam 2200000uu 4500
001    13399110563
003     ULIB
008    110603s2553||||th 000 0 tha d
020    9789744141026 (ล.2)
050  4 GV1493^bค333ก 2552 ล.2
100 1  คาเปลลา
245 10 เกมอัจฉริยะ ^nเล่ม 2 =^bIQ puzzles /^cCapella ; ผู้แปล, ปฏิพลตั้งจักรวรานนท์ ; ผู้เรียบเรียง, ธนิกานต์ มาฆะศิรานนท์
246 31 IQ puzzles
250    พิมพ์ครั้งที่ 1
260    กรุงเทพฯ :^bบิสคิต,^c2552-2553
300    เล่ม 2= 136 :^bภาพประกอบ ;^c21 ซม.
591     มี เล่ม 1-2 650 7 ปริศนา
650  7 เกม
650  7 คณิตศาสตร์นันทนาการ
650  7 ตรรกวิทยา
650  7 แบบทดสอบสติปัญญา
700 1  Capella.^tIQ puzzles
700 0  ปฏิพล ตั้งจักรวรานนท์,^eผู้แปล
700 0  ธนิกานต์ มาฆะศิรานนท์,^eผู้เรียบเรียง
945    ^p125^l0^i18203
995    เกษร
999    ^aใช้งานได้ทุกระบบ
รายการนี้ยังไม่มีแท็ก
คุณยังไม่ได้ล็อกอิน คุณสามารถมีกิจกรรมร่วมกับเว็บไซต์ได้ แต่ต้องล็อกอินก่อน ::
  ล็อกอิน

รายการสื่อสารสนเทศ

ลำดับที่ ประเภท เลขเรียก/บาร์โค้ด สถานที่ สถานะ
- ไม่พบข้อมูล -

รายการใกล้เคียง
    ผู้แต่ง [คาเปลลา]

    หัวเรื่อง [เกม]
    หัวเรื่อง [คณิตศาสตร์นันทนาการ]
    หัวเรื่อง [ตรรกวิทยา]
    หัวเรื่อง [แบบทดสอบสติปัญญา]

BibComment


ยังไม่เคยถูกคอมเมนท์

คอมเมนท์ทรัพยากรรายการนี้
  คอมเมนท์: เกมอัจฉริยะ เล่ม..


 Copyright 2026. Bcnsprnw @Library